आदिकालीन हिन्दी भाषा और साहित्य / (Record no. 66580)
[ view plain ]
| 000 -LEADER | |
|---|---|
| fixed length control field | 00997nam a22002177a 4500 |
| 005 - DATE AND TIME OF LATEST TRANSACTION | |
| control field | 20120514120238.0 |
| 010 ## - LCCN (DPL NO) | |
| LC control number | |
| 020 ## - INTERNATIONAL STANDARD BOOK NUMBER | |
| International Standard Book Number | 8171490549 |
| Terms of availability | 300.00 |
| 035 ## - SYSTEM CONTROL NUMBER | |
| System control number | B-151509 |
| 037 ## - SOURCE OF ACQUISITION | |
| Source of stock number/acquisition | PUB |
| 082 ## - DEWEY DECIMAL CLASSIFICATION NUMBER | |
| Classification number | 420.9 |
| 100 ## - MAIN ENTRY--PERSONAL NAME | |
| Personal name | मिश्र, प्रेमशंकर |
| 245 ## - TITLE STATEMENT | |
| Title | आदिकालीन हिन्दी भाषा और साहित्य / |
| Statement of responsibility, etc | प्रेमशंकर मिश्र |
| 260 ## - PUBLICATION, DISTRIBUTION, ETC. (IMPRINT) | |
| Place of publication, distribution, etc | दिल्ली |
| Name of publisher, distributor, etc | साहित्य सहकार |
| Date of publication, distribution, etc | 2004 |
| 270 ## - ADDRESS | |
| Address | |
| City | |
| Postal code | |
| Telephone number | |
| 300 ## - PHYSICAL DESCRIPTION | |
| Extent | 256पृ |
| Dimensions | 22सेमी (सजिल्द) |
| 650 ## - SUBJECT ADDED ENTRY--TOPICAL TERM | |
| Topical term or geographic name as entry element | हिन्दी भाषा |
| General subdivision | व्याकरण |
| 700 ## - ADDED ENTRY--PERSONAL NAME | |
| Personal name | कौशिक, ओमप्रकाश |
| 9 (RLIN) | 45986 |
| 942 ## - ADDED ENTRY ELEMENTS (KOHA) | |
| Source of classification or shelving scheme | Dewey Decimal Classification |
| Item type | Hindi Books |
| Call number suffix | मिश्रप्रे |
| Classification part | 420.9 |
| Withdrawn status | Lost status | Not for loan | Collection code | Home library | Current library | Date acquired | Cost, normal purchase price | Full call number | Barcode | Cost, replacement price | Koha item type |
|---|---|---|---|---|---|---|---|---|---|---|---|
| Non-fiction | Sarojini Nagar | Sarojini Nagar | 14/05/2012 | 300.00 | 420.9 मिश्रप्रे | B-151509 | 300.00 | Hindi Books |
